=LDR 00000nam 2200000 4500 =001 INLIS000000000048713 =005 20200917072158 =035 ##$$a 0010-121600000000099 =008 200917################g##########0#ind## =082 ##$$a 2x5.2 =100 1#$$a Jailani, Syaikh Abdul Qadir =245 1#$$a Ujar-ujar /$c Syaikh Abdul Qadir Jailani =250 ##$$a Cet. 1 =260 ##$$a Bandung :$b Al-Bayan,$c 1995 =850 ##$$a BPAP =084 ##$$a 2x5.2 JAI u =300 ##$$a 248 hlm., ; $c 11 x 18 cm =650 #4$$a Islam =990 ##$$a 00091910